Low dimensional semiconductor physics / (Record no. 41970)

MARC details
000 -LEADER
fixed length control field 00681nam a22001937a 4500
005 - DATE AND TIME OF LATEST TRANSACTION
control field 20100814153133.0
010 ## - LCCN (DPL NO)
LC control number ENG-100525
020 ## - INTERNATIONAL STANDARD BOOK NUMBER
Terms of availability 150.00
035 ## - SYSTEM CONTROL NUMBER
System control number EN-84058
037 ## - SOURCE OF ACQUISITION
Source of stock number/acquisition DBAD/PUB
082 ## - DEWEY DECIMAL CLASSIFICATION NUMBER
Classification number 537.6225
100 ## - MAIN ENTRY--PERSONAL NAME
Personal name Chithra,S R
245 ## - TITLE STATEMENT
Title Low dimensional semiconductor physics /
Statement of responsibility, etc by S R Chithra
260 ## - PUBLICATION, DISTRIBUTION, ETC. (IMPRINT)
Place of publication, distribution, etc Dindigul
Name of publisher, distributor, etc Ayyanar Pathippagam
Date of publication, distribution, etc 2008
270 ## - ADDRESS
Address 41/20 Vivekananda Nagar Extn
City Dindigul
Postal code 624001
300 ## - PHYSICAL DESCRIPTION
Extent various paging
Dimensions 27cm(pbk)
942 ## - ADDED ENTRY ELEMENTS (KOHA)
Source of classification or shelving scheme Dewey Decimal Classification
Item type English Books
Classification part 537.6225
Call number suffix CHI
Holdings
Withdrawn status Lost status Not for loan Collection code Home library Current library Date acquired Source of acquisition Cost, normal purchase price Full call number Barcode Copy number Cost, replacement price Koha item type
    Not For Loan Non-fiction D.B.Act.Division D.B.Act.Division 14/08/2010 DBAD/PUB 150.00 537.6225 CHI EN-84058 1 150.00 English Books

© Delhi Public Library
Hit Counter
free hit counter